Výchova k podnikavosti a vysoké školy

Podnikavosť ako kľúčová kompetencia. Vybrané dokumenty a projekty podporujúce výchovu k podnikavosti a podnikaniu. Výchova k podnikavosti. Výchova k podnikavosti na vysokých školách. Rozvoj vedy o výchove k podnikavosti.

Saved in:
Bibliographic Details
Main Author: Malach, Josef
Format: Book Chapter
Language:Czech
Subjects:
Tags: Add Tag
No Tags, Be the first to tag this record!

MARC

LEADER 00000naa$a2200000$$$4500
001 0088764
005 20230919104914.6
041 0 |a cze 
044 |a CZ 
245 1 0 |a Výchova k podnikavosti a vysoké školy  |c Josef Malach 
520 |a Podnikavosť ako kľúčová kompetencia. Vybrané dokumenty a projekty podporujúce výchovu k podnikavosti a podnikaniu. Výchova k podnikavosti. Výchova k podnikavosti na vysokých školách. Rozvoj vedy o výchove k podnikavosti. 
610 2 0 |a školy vysoké 
610 2 0 |a výchova 
610 2 0 |a podnikanie 
610 2 0 |a veda 
100 1 |a Malach, Josef